Catch! Teenieping Princesses - Statistics

General Stats
  • This quiz has been taken 112 times
    104 since last reset
  • The average score is 11 of 17
Answer Stats
Hint Answer % Correct
Pink princess Princess Heart
98%
Blue princess Princess Cloudia
81%
Green princess Princess Clover
81%
Yellow princess Princess Star
81%
Purple princess Princess Melody
80%
Red princess Princess Sunshine
77%
Special princess seen only once Princess Veronica
75%
Pink princess Princess Diaheart
72%
Purple princess Princess Ruby
72%
Green princess Princess Emerald
67%
Blue princess Princess Sapphire
67%
Pink princess Princess Floraheart
59%
Blue princess Princess Crystal
52%
Yellow princess Princess Gloria
45%
Red princess Princess Solaris
45%
Purple Princess Princess Twilight
38%
Jennie's Transformation Princess Labyrinth
28%
No matching quizzes found
Score Distribution
Percent of People with Each Score
Percentile by Number Answered
Your Score History
You have not taken this quiz since the last reset